• 首页
  • 本馆介绍
  • 公告通知
  • 最新文献
  • 馆藏检索
  • 电子资源
  • 读者导购
  • 参考咨询
  • 我的图书馆
  • 登录
  • 详细信息显示
  • 放入我的书架
  • 预约/预借图书
  • 作者相关作品
  • 分类相关作品
  • 丛书相关作品
  • 出版社相关作品

书目信息

  • 表格格式
  • 工作单格式
  • 卡片格式
题名:
园林景观植物树木图典
    
 
作者: 江荣先 摄影/编著
分册:  
出版信息: 北京   机械工业出版社  2010
页数: 335页
开本: 21cm
丛书名:
单 册:
中图分类: S68-64
科图分类:
主题词: 园林树木--图谱 , 园林树木
电子资源:
ISBN: 978-7-111-28191-7
000 00907nam0 2200253 45
001 1130248328
005 20110309141141.29
010    @a978-7-111-28191-7@dCNY79.00
100    @a20110123e2010 em y0chiy50 ea
101 0  @achi
102    @aCN@b110000
105    @aa z 001yy
106    @ar
200 1  @a园林景观植物树木图典@AYuan Lin Jing Guan Zhi Wu Shu Mu Tu Dian@dPlants of gardening landscapes illustrated book trees@f江荣先摄影/编著@FJiang Rong Xian She Ying / Bian Zhu@zeng
210    @a北京@c机械工业出版社@d2010
215    @a335页@d21cm
330    @a本书收录树木图典三百多种,分为孑遗植物、裸子植物、被子植物三部分。
510 1  @aPlants of gardening landscapes illustrated book trees@zeng
606 0  @a园林树木@j图谱
606 0  @a园林树木
690    @aS68-64@v4
701  0 @a江荣先@AJiang Rong Xian@4摄影/编著
801  0 @aCN@bTANGWEI@c20110309
905    @b0530953-54@dS68-64@e208@f2
    
    园林景观植物树木图典=Plants of gardening landscapes illustrated book trees/江荣先摄影/编著.-北京:机械工业出版社,2010
    335页;21cm
    
    
    ISBN 978-7-111-28191-7:CNY79.00
    本书收录树木图典三百多种,分为孑遗植物、裸子植物、被子植物三部分。
●
相关链接 在E读中查询图书 在五车中查询图书 在当当中查询图书 在豆瓣中查询图书


正题名:园林景观植物树木图典     索取号:S68-64/208         预约/预借

序号 登录号 条形码 馆藏地/架位号 状态 备注
1 0530953   205309539   第二样本阅览室/ [索取号:S68-64/208] 在馆    
2 0530954   205309548   密集书库-生命科学系/ [索取号:S68-64/208] 在馆    
唐山师范学院图书馆 欢迎您!
大连网信软件有限公司© 版权所有